Statistics for Armagetron Advanced Ladle Winners

Click here to take the quiz!

General Stats

  • This quiz has been taken 13 times
  • The average score is 89 of 135

Answer Stats

HintAnswer% Correct
Ladle 16 | Ladle 20 | Ladle 25 | +10 othersCrazy Tronners
100%
Ladle 128 | Ladle 129 | Ladle 131 | +7 othersMeet Your Maker
100%
Ladle 65 | Ladle 66 | Ladle 69 | +6 othersRedemption
100%
Ladle 26 | Ladle 29 | Ladle 30 | +8 othersSpeeders
100%
Ladle 21 | Ladle 24 | Ladle 27Arrow Clan
83%
Ladle 67RoadRunnerZ
83%
Ladle 101 | Ladle 110 | Ladle 38 | +14 othersRogue Tronners
83%
Ladle 47 | Ladle 48 | Ladle 68 | Ladle 75Team uNknown
83%
Ladle 22 | Ladle 23 | Ladle 28 | +2 othersTwixted Xats
83%
Ladle 55 | Ladle 56 | Ladle 61Revolver
67%
Ladle 114 | Ladle 115 | Ladle 116 | +6 othersTwixted Arrows
67%
Ladle 12 | Ladle 13 | Ladle 15x
67%
Ladle 77 | Ladle 79Kill St
50%
Ladle 123Magicians
50%
Ladle 130Paradigm
50%
Ladle 82A Black Cat
33%
Ladle 18Bebe's Boobs Destroy Society
33%
Ladle 124Dream Team
33%
Ladle 34Jalapeños on sticks!
33%
Ladle 120Korean Meta
33%
Ladle 126Magicians
33%
Ladle 100 | Ladle 105 | Ladle 95 | +3 othersm&m
33%
Ladle 112 | Ladle 113Numbers
33%
Ladle 102Open Team
33%
Ladle 14 | Ladle 17Twisted Rats
33%
Ladle 33Vowel Appreciation Team
33%
Ladle 127We Are Going To Lose Ladle
33%
Ladle 104 | Ladle 106WTF
33%
Ladle 2 | Ladle 3Anarchic Wanderers
17%
Ladle 107Dire Wolves
17%
Ladle 137Dump Truck Drivers
17%
Ladle 84Eggs and Ham
17%
Ladle 136Fuck Putin
17%
Ladle 135Johnny Gimp Squad
17%
Ladle 19Kill or Die
17%
Ladle 1Shadow League
17%
Ladle 81Sickest Kents of Newcastle
17%
Ladle 57Team Baylife
17%
Ladle 35Team Binary
17%
Ladle 103Dirty Ducks
0%
Ladle 11Fogies with Wheelchairs
0%
Ladle 4proN00bz
0%
Ladle 6 | Ladle 9Team somethingsomething
0%
Ladle 5Tronic Monkeys
0%
Ladle 10 | Ladle 8Tronners Under the Influence
0%
Ladle 111Variations
0%
Ladle 41You In Danger, Girl
0%

Score Distribution

Percentile by Number Answered

Percent of People with Each Score

Your Score History

You have not taken this quiz